Private Financing of Toll Roads (Record no. 543225)
[ view plain ]
| 000 -LEADER | |
|---|---|
| fixed length control field | 00435nam a22001457a 4500 |
| 082 ## - DEWEY DECIMAL CLASSIFICATION NUMBER | |
| Classification number | 388.114 |
| Author Mark | FIS |
| -- | D |
| 100 ## - MAIN ENTRY--PERSONAL NAME | |
| Personal name | Fisher, Gregory, |
| 9 (RLIN) | 38591 |
| 245 ## - TITLE STATEMENT | |
| Title | Private Financing of Toll Roads |
| Statement of responsibility, etc. | Fisher, Gregory, |
| 260 ## - PUBLICATION, DISTRIBUTION, ETC. | |
| Place of publication, distribution, etc. | WashingtonD.C : |
| Date of publication, distribution, etc. | December 1996. |
| Name of publisher, distributor, etc. | The world bank, |
| 300 ## - PHYSICAL DESCRIPTION | |
| Extent | ix, 37 p. : |
| 526 ## - STUDY PROGRAM INFORMATION NOTE | |
| Program name | 0 |
| Interest level | 0 |
| Reading level | 0 |
| Title point value | 388_114000000000000_FIS |
| 526 ## - STUDY PROGRAM INFORMATION NOTE | |
| Program name | 0 |
| Interest level | 0 |
| Reading level | 0 |
| Title point value | 388_114000000000000_FIS |
| 650 ## - SUBJECT ADDED ENTRY--TOPICAL TERM | |
| Topical term or geographic name entry element | MCE |
| 9 (RLIN) | 379 |
| 942 ## - ADDED ENTRY ELEMENTS (KOHA) | |
| Source of classification or shelving scheme | |
| Koha item type | Book |
| Withdrawn status | Lost status | Source of classification or shelving scheme | Damaged status | Not for loan | Permanent Location | Current Location | Date acquired | Total Checkouts | Full call number | Barcode | Date last seen | Price effective from | Koha item type |
|---|---|---|---|---|---|---|---|---|---|---|---|---|---|
| Military College of Engineering (MCE) | Military College of Engineering (MCE) | 03/18/2014 | 388.114 FIS | MCE-43338 | 03/18/2014 | 03/18/2014 | Book | ||||||
| Military College of Engineering (MCE) | Military College of Engineering (MCE) | 03/20/2014 | 388.114 FIS | MCE-43281 | 03/20/2014 | 03/20/2014 | Book |
